| 000 | 02224nam0a2200373 4500 | ||
|---|---|---|---|
| 001 | RU\NLR\BIBL_A\022688170 | ||
| 005 | 20260212104541.0 | ||
| 010 |
_a978-5-209-12591-4 _9300 |
||
| 021 |
_aRU _bКН-П-25-067229 _9КН-П-25-6494 |
||
| 035 | _a(NLR Aleph) 022688170 | ||
| 090 |
_a13552621 _c13552621 |
||
| 100 | _a20251215d2025 k y0rusy50 ca | ||
| 101 | 0 | _arus | |
| 102 | _aRU | ||
| 105 | _aah z 000yy | ||
| 181 | 0 |
_ai3 _baxxe |
|
| 182 | 0 | _an | |
| 200 | 1 |
_aСудебно-медицинская экспертиза по делам о качестве медицинской помощи _eучебное пособие _fЕ. Х. Баринов, Р. Э. Калинин, Д. В. Сундуков, М. Д. Гусева _gпод редакцией Е. Х. Баринова, Д. В. Сундукова |
|
| 203 |
_aТекст _bвизуальный _cнепосредственный |
||
| 210 |
_aМосква _cРоссийский университет дружбы народов им. Патриса Лумумбы _d2025 |
||
| 215 |
_a160, [1] с. _cил., цв. ил., факс. _d20 |
||
| 300 | _aАвт. указаны на обороте тит. с. | ||
| 300 | _aВ конце кн. 1-3 авт.: Баринов Е. Х. - д-р мед. наук, проф., Калинин Р. Э. - канд. мед. наук, Сундуков Д. В. - д-р мед. наук, проф. | ||
| 320 | _aБиблиогр.: с. 129-158 (271 назв.) | ||
| 606 | 1 |
_aМедицинская помощь _jУчебные издания _xКачество _xОценка _xСудебно-медицинская экспертиза _92378694 _3RU\NLR\AUTH\661419337 |
|
| 686 | 1 | _aР811.6я7 | |
| 701 | 1 |
_aБаринов _bЕ. Х. _f1961- _gЕвгений Христофорович _9150922 _3RU\NLR\AUTH\770150959 |
|
| 701 | 1 |
_aКалинин _bР. Э. _gРуслан Эдуардович |
|
| 701 | 1 |
_aСундуков _bД. В. _f1958- _gДмитрий Вадимович |
|
| 701 | 1 |
_aГусева _bМ. Д. _cспециалист в обл. судебной медицины _gМария Дмитриевна _92696472 _3RU\NLR\AUTH\770289777 |
|
| 942 | _cBOOK | ||
| 980 | _aNB | ||